29_奈良県の市町村(ひらがな対応・五十音順) - Statistics

General Stats
  • This quiz has been taken 75 times
  • The average score is 31 of 39
Answer Stats
種類 市町村名 % Correct
橿原市
100%
奈良市
100%
大和郡山市
95%
明日香村
92%
生駒市
92%
上北山村
92%
五條市
92%
御所市
92%
下北山村
92%
大和高田市
92%
吉野町
92%
斑鳩町
89%
香芝市
89%
桜井市
89%
天理市
89%
宇陀市
86%
十津川村
86%
野迫川村
84%
東吉野村
84%
王寺町
81%
天川村
81%
葛城市
78%
黒滝村
76%
曽爾村
76%
安堵町
73%
川西町
70%
平群町
70%
山添村
70%
河合町
68%
川上村
68%
広陵町
68%
下市町
68%
田原本町
68%
御杖村
68%
三郷町
62%
大淀町
57%
高取町
57%
三宅町
54%
上牧町
49%
No matching quizzes found
Score Distribution
Percent of People with Each Score
Percentile by Number Answered
Your Score History
You have not taken this quiz